| 000 | 00673nam a22002057a 4500 | ||
|---|---|---|---|
| 999 |
_c17806 _d17806 |
||
| 003 | AR-CdUCM | ||
| 008 | 190509b ||||| |||| 00| 0 spa d | ||
| 040 |
_aMUNICIPALIDAD PROVINCIAL DEL CUSCO _cBIBLIOTECA MUNICIPAL DEL CUSCO |
||
| 082 |
_a869.56 / _bG19 |
||
| 100 |
_aGlavez Barrenechea, José _937985 |
||
| 245 | _aSelección poética / | ||
| 260 |
_aLima : _bContinental, _c[19597]. |
||
| 300 |
_a126 páginas ; _c18 cm. |
||
| 505 | _aContenido : Serenata -- Todo en silencio -- Quiero soñar contigo -- Palabras líricas ... | ||
| 650 |
_aPoesías _92272 |
||
| 650 |
_aPeruanas _928844 |
||
| 650 |
_aSiglo XX _98 |
||
| 942 |
_2ddc _cLIBROS |
||
| 945 |
_arah _d09/05/2019 |
||